| 000 | 00708nam a2200229Ia 4500 | ||
|---|---|---|---|
| 005 | 20220801142538.0 | ||
| 008 | 131103s9999 xx 000 0 und d | ||
| 020 |
_a074862192X _cRs.1330.33 |
||
| 040 | _aLoreto College | ||
| 041 | _aEnglish | ||
| 082 |
_a821.4 _bSPE-CHA |
||
| 100 | _aChamberlain,Richard | ||
| 245 |
_aRadical Spenser _bPastoral,politics and the new aestheticism _cRichard Chamberlain |
||
| 260 |
_aEdinburgh _bEdinburgh University Press _c2005 |
||
| 300 | _avi,161p | ||
| 504 | _aIncludes index | ||
| 600 | _aSpenser,Edmund | ||
| 650 | _aEnglish poetry-Criticism and interpretation | ||
| 651 | _aSpenser,Edmund-Criticism and interpretation | ||
| 850 |
_aLCLIB _bPG |
||
| 942 | _cBK | ||
| 999 |
_c37757 _d88236 |
||